| 000 | 00482nam a22001817a 4500 | ||
|---|---|---|---|
| 003 | CEME | ||
| 005 | 20210628205237.0 | ||
| 008 | 210204b xxu||||| |||| 00| 0 eng d | ||
| 020 | _a0-07-141241-7 | ||
| 040 | _c. | ||
| 082 | _a629.892 WIL | ||
| 100 |
_aWilliams, Karl _974553 |
||
| 245 | _aInsectronics build your own walking robot | ||
| 260 |
_aMCGRAW HILL _bMCGRAW HILL _c2003 |
||
| 300 | _aXIV,272P | ||
| 650 |
_aWALKING ROBOT.ROBOTIC INTELLIGENCE _974554 |
||
| 942 |
_cBK _2ddc |
||
| 999 |
_c580069 _d580069 |
||